000 00319 a2200145 4500
001 44286
020 _a8573891769
040 _cAnchieta - Aquarius
240 1 0 _a#As viagens de Gulliver
_lpor
245 1 0 _a#As viagens de Gulliver
300 _a
362 0 _a0
650 4 _aLiteratura infanto-juvenil
942 _cBK
999 _c44286
_d44286